Vicisitudes del proceso de supervisión psicoanalítica: apuntes hacia un modelo integrativo /
Este artículo examina el proceso de supervisión psicoanalítica y propone un enfoque integrativo para comprender sus diversas facetas. La autora analiza las complejidades y desafíos que surgen en la relación entre el supervisor y el supervisado en el contexto del análisis psicoanalítico. Se exploran...
Uloženo v:
| Hlavní autor: | |
|---|---|
| Další autoři: | |
| Médium: | Text |
| Jazyk: | Spanish |
| Témata: | |
| Tagy: |
Přidat tag
Žádné tagy, Buďte první, kdo vytvoří štítek k tomuto záznamu!
|
MARC
| LEADER | 00000 a a2200000 04500 | ||
|---|---|---|---|
| 001 | 46737 | ||
| 003 | cru IIS | ||
| 005 | 20230830183154.0 | ||
| 008 | 230830b |||||||| |||| 00| 0 spa d | ||
| 040 | |c a | ||
| 100 | |a Rangel, Constanza | ||
| 245 | |a Vicisitudes del proceso de supervisión psicoanalítica: |b apuntes hacia un modelo integrativo / |c Constanza Rangel | ||
| 520 | |a Este artículo examina el proceso de supervisión psicoanalítica y propone un enfoque integrativo para comprender sus diversas facetas. La autora analiza las complejidades y desafíos que surgen en la relación entre el supervisor y el supervisado en el contexto del análisis psicoanalítico. Se exploran las dinámicas emocionales, los obstáculos y los logros que emergen en este proceso. El artículo también discute la importancia de considerar diferentes enfoques teóricos y conceptuales en la supervisión para abordar de manera más efectiva las diversas situaciones clínicas. Se destaca la necesidad de una reflexión continua y un enriquecimiento mutuo entre el supervisor y el supervisado para fortalecer la calidad del trabajo terapéutico. RAR | ||
| 650 | 0 | |2 UNESCO |9 5457 |a PSICOANALISIS | |
| 700 | |a Carrillo, Eddy | ||
| 773 | |g número6 (2002), páginas 39-53 | ||
| 942 | |2 ddc |c REF | ||
| 999 | |c 25119 |d 25119 | ||
